| 000 | 00546nam a2200217Ia 4500 | ||
|---|---|---|---|
| 003 | 0100 | ||
| 008 | 130303s9999 xx 000 0 und d | ||
| 020 | _a9970020846 | ||
| 040 | _cARRUPELIB | ||
| 050 | _aJQ2951.A58M84 1995 | ||
| 100 | _aMukholi, David | ||
| 245 | 2 | _aA complete guide to Uganda's Fourth Constitution | |
| 245 | _bhistory, politics and the law | ||
| 260 | _aKampala | ||
| 260 | _bFountain Publishers | ||
| 260 | _C1995 | ||
| 300 | _axviii | ||
| 300 | _b 113 p. ill. map 21 cm | ||
| 700 | _aDavid Mukholi | ||
| 942 | 0 | 0 | _01 |
| 999 |
_c7363 _d7363 |
||